| 000 | 01089nam a2200313 i 4500 | ||
|---|---|---|---|
| 001 | bg | ||
| 003 | KOSZ 005 | ||
| 005 | 20210923133047.0 | ||
| 008 | 071018s1968 pl a g f 000 0 pol | ||
| 015 | _aPB 1968/166 | ||
| 040 |
_aWA N _cKOSZ 005/RW _dKOSZ 005/RW |
||
| 080 | _a1(091) | ||
| 100 | 1 |
_aTatarkiewicz, Władysław _d(1886-1980) _eAutor |
|
| 245 | 1 | 0 |
_aHistoria filozofii. _nT. 2, _pFilozofia nowożytna do roku 1830 / _cWładysław Tatarkiewicz. |
| 246 | 3 | 0 | _aFilozofia nowożytna do roku 1830. |
| 250 | _aWyd. 6. | ||
| 260 |
_aWarszawa : _bPaństwowe Wydawnictwo Naukowe, _c1968. |
||
| 300 |
_a278, [2] s., [15] k. tabl. : _bil. ; _c25 cm. |
||
| 380 | _aKsiążki | ||
| 504 | _aBibliogr. przy rozdz. | ||
| 650 | 4 |
_aFilozofia _xhistoria _y16-19 w. |
|
| 648 | 4 | _a1601-1700 | |
| 648 | 4 | _a1701-1800 | |
| 648 | 4 | _a1801-1900 | |
| 648 | 4 | _a1501-1600 | |
| 710 | 2 |
_aPaństwowe Wydawnictwo Naukowe _4pbl. |
|
| 856 |
_uhttp://koha.tu.koszalin.pl/cgi-bin/koha/opac-detail.pl?biblionumber=10948 _yKatalog online BPK |
||
| 942 |
_2UKD _cKS |
||
| 999 |
_c10948 _d10948 |
||